Datum a čas kvízu
19
Celkem bodů
Celkový počet nahraných bodů na tomto kvízu bez doplňovacích otázek.
12.
Pořadí na kvízu
Konečné umístění týmu na tomto kvízu.
Zaznamenané odpovědi
| # | Otázka | Odpověď | Body | Výsledky |
|---|---|---|---|---|
| 1. | 43letá politička, bývalá minis... | Jana Maláčová | 0 | |
| 2. | Nové cestovní pasy jedné evrop... | o Slovensku | 0 | |
| 3. | 38letá americká herečka a zpěv... | Lady Gaga, Joker | 1 | |
| 4. | Klienti jedné logistické spole... | Zásilkovna | 1 | |
| 5. | Čtyřčlenné mužstvo z Olomouce... | C) kopání hrobů | 0 | |
| 6. | V České republice dle zákona o... | Úřad pro zahraniční styky a informace, Vojenské zpravodajství | 0 | |
| 7. | U BIS ještě zůstaneme. Jak se... | Michal Koudelka | 0 | |
| 8. | Five Eyes je aliance zpravodaj... | Kanady, Nového Zélandu | 0 | |
| 9. | Zpravodajské služby nebo tajná... | Čeka | 0 | |
| 10. | „Seržant Nicholas Brody se nav... | Homeland / Ve jménu vlasti | 0 |